00961nam a2200181 a 4500008004100000050001500041100001600056245005200072260003200124300002900156350000900185700002600194995014600220995014600366999001700512952012500529952012500654120416s1966 ||||||||||||||||| || u aQC 173 Wor aMotz, Lloyd14aThe world of the atomcedited by Henry A Boorse aNew YorkbBasic Booksc1966 a2v. [xxvi, 1873p.] : ill a0.00 aBoorse, Henry Abraham aANNEX COLLECTION (Main Library)D0.00e711627FCBU-MAIN LIBRARY (Kitwe)H2I35.00jQC 173 WorUAVAILABLEy012776ZAnnex Low-Usage Collection  aANNEX COLLECTION (Main Library)D0.00e711628FCBU-MAIN LIBRARY (Kitwe)H1I35.00jQC 173 WorUAVAILABLEy012777ZAnnex Low-Usage Collection  c83260d83260 00102lcc4070a001b001cAnnex Low-Usage Collectiond2023-10-25l0oQC 173 Worp012776r2023-10-25t1w2023-10-25y002 00102lcc4070a001b001cAnnex Low-Usage Collectiond2023-10-25l0oQC 173 Worp012777r2023-10-25t2w2023-10-25y002